An introduction to ANSI C on UNIX
Enregistré dans:
| Auteur principal: | |
|---|---|
| Format: | Livre |
| Langue: | Undetermined |
| Publié: |
Belmont, Calif.
Wadsworth Publíhing Co.
c1992
|
| Sujets: | |
| Tags: |
Ajouter un tag
Pas de tags, Soyez le premier à ajouter un tag!
|
| Thư viện lưu trữ: | Trung tâm Học liệu Trường Đại học Cần Thơ |
|---|
| LEADER | 00527nam a2200181Ia 4500 | ||
|---|---|---|---|
| 001 | CTU_127237 | ||
| 008 | 210402s9999 xx 000 0 und d | ||
| 082 | |a 005.133 | ||
| 082 | |b W246 | ||
| 100 | |a Wang, Paul S. | ||
| 245 | 3 | |a An introduction to ANSI C on UNIX | |
| 245 | 0 | |c Paul S. Wang | |
| 260 | |a Belmont, Calif. | ||
| 260 | |b Wadsworth Publíhing Co. | ||
| 260 | |c c1992 | ||
| 650 | |a UNIX (Computer file),C (Computer program language) | ||
| 904 | |i Hiếu | ||
| 980 | |a Trung tâm Học liệu Trường Đại học Cần Thơ | ||